| 000 | 00560nam a2200181 i 4500 | ||
|---|---|---|---|
| 001 | 89272 | ||
| 003 | ES-MaACL | ||
| 005 | 20250929063139.0 | ||
| 007 | t| | ||
| 008 | 050105s1956 sp ||||1| spa d | ||
| 100 | 1 |
_aLa Rochefoucauld, François, _cduc de _9138636 |
|
| 245 | 1 | 0 |
_aMáximas / _cLa Rochefoucauld ; traducción y prólogo de José Mª Espinás. |
| 260 |
_aBarcelona : _bFama, _c[1956] |
||
| 300 |
_a151 p. ; _c17 cm. |
||
| 700 | 1 |
_aEspinàs, Josep M., _d1927- _947850 |
|
| 852 |
_aES-MaACL _jC-10754 _bR.38973 |
||
| 999 |
_c89272 _d89272 |
||